Lemondott orvos
Správa o tom, že riaditeľ verejnej nemocnice v Humennom Dr. Albert Ligeti odstúpil z postu riaditeľa a podľa "údajných" správ odchádza do Košíc, kde si otvoril sanatórium
| Médium: | Článok |
|---|---|
| Jazyk: | Slovak Hungarian |
| Témy: | |
| Zdroj: |
1. Felvidéki Hirlap 1. Roč. 2, č. 32 (08.08.1909) s. 2 |
| LEADER | 01188nab#a2200373#ar4500 | ||
|---|---|---|---|
| 001 | 000073335 | ||
| 003 | SVKKK | ||
| 005 | 20101223105850.0 | ||
| 008 | 101109d1909 xo |||||||||||||||b|slo | ||
| FMT | |||
| 038 | |a SVKKK | ||
| 040 | |a SVKKK |b slo |e AACR2 | ||
| 041 | 0 | |a hun | |
| 044 | |a xo |c SK | ||
| 080 | |a 616-051 |2 1981 | ||
| 080 | |a 929 Ligeti, Albert |2 1981 | ||
| 242 | 1 | 0 | |a Odstupujúci lekár |y slo |
| 245 | 1 | 0 | |a Lemondott orvos |
| 500 | |a Popis z mikrofilmu | ||
| 520 | 2 | |a Správa o tom, že riaditeľ verejnej nemocnice v Humennom Dr. Albert Ligeti odstúpil z postu riaditeľa a podľa "údajných" správ odchádza do Košíc, kde si otvoril sanatórium | |
| 600 | 1 | 4 | |a Ligeti, Albert |d 1869-1912 |x lekár, ORL špecialista |z Humenné, Košice (Slovensko) |x pôsobenie |
| 650 | 0 | 4 | |a odstúpenie z postu riaditeľa nemocnice |z Humenné (Slovensko) |y august 1909 |
| 655 | 4 | |a hungariká | |
| 773 | 0 | |t Felvidéki Hirlap |g Roč. 2, č. 32 (08.08.1909) s. 2 | |
| 957 | |a Humenné | ||
| 957 | |a Košice | ||
| 958 | |a DG | ||
| 958 | |a HU | ||
| 974 | |a Ba | ||
| 992 | |a RBX | ||
| 997 | |a Ligeti, Albert |d Homonna p. Humenné | ||
| 997 | |a Kassa p. Košice | ||
| BAS | |||
| 998 | |a RETRO | ||